| 000 | 00648nam a2200217 a 4500 | ||
|---|---|---|---|
| 005 | 20220615063456.0 | ||
| 008 | 030526s1980 es r 000 0 spa d | ||
| 020 | _a8424502817 | ||
| 035 | _aUPN01000124620 | ||
| 049 | _aCG | ||
| 050 | 4 |
_aPQ2673 A5.5 _bF5.28 |
|
| 100 | 1 |
_aMannoni, Octave, _d1899-1989 _929114 |
|
| 245 | 1 | 0 |
_aFicciones freudianas / _cOctave Mannoni ; tr. Pilar Forcén. |
| 260 |
_aMadrid : _bFundamentos, _cc1980. |
||
| 300 | _a203 p. | ||
| 440 | 0 |
_aCiencia ; _v109. _pPsicología |
|
| 534 |
_pTraducción de: _tFictions freudiens |
||
| 650 | 4 |
_aCARTAS IMAGINARIAS _97682 |
|
| 650 | 0 |
_aLiteratura francesa _95152 |
|
| 905 | _aLibro | ||
| 999 |
_c96799 _d96799 |
||